000 00526nam a2200169 a 4500
001 000016810
005 20200929164950.0
008 100310s1945 gt 000 0 spa d
040 _aDO-SdBNP
_bspa
_cBNPHU
082 _axxx
_bA683e
100 1 _aArévalo, Juan José
_937244
245 1 0 _aEscritos pedagógicos y filosóficos /
_cJuan José Arévalo.
260 _aGuatemala :
_bTipografía Nacional,
_c1945.
300 _a289 p. ;
_c22 cm.
500 _aIncluye notas al pie de las páginas
590 _aInventariado, 2018/LP
999 _c16342
_d16342